Catholic University of Zimbabwe Library
Online Public Access Catalogue
(OPAC)

Special issue (Record no. 31266)

MARC details
000 -LEADER
fixed length control field 02853nam a2200433Ia 4500
001 - CONTROL NUMBER
control field bslw07736502
003 - CONTROL NUMBER IDENTIFIER
control field UtOrBLW
005 - DATE AND TIME OF LATEST TRANSACTION
control field 20210303085228.0
006 - FIXED-LENGTH DATA ELEMENTS--ADDITIONAL MATERIAL CHARACTERISTICS
fixed length control field m d
007 - PHYSICAL DESCRIPTION FIXED FIELD--GENERAL INFORMATION
fixed length control field cr un|||||||||
008 - FIXED-LENGTH DATA ELEMENTS--GENERAL INFORMATION
fixed length control field 110829s2011 enka o 000 0 eng d
020 ## - INTERNATIONAL STANDARD BOOK NUMBER
International Standard Book Number 9781780522531 (electronic bk.) :
Terms of availability £62.95 ; €89.95 ; $114.95
040 ## - CATALOGING SOURCE
Original cataloging agency UtOrBLW
Transcribing agency UtOrBLW
050 #4 - LIBRARY OF CONGRESS CALL NUMBER
Classification number JC571
Item number .S64 2011
072 #7 - SUBJECT CATEGORY CODE
Subject category code LAQ
Source bicssc
072 #7 - SUBJECT CATEGORY CODE
Subject category code LNA
Source bicssc
072 #7 - SUBJECT CATEGORY CODE
Subject category code LAW000000
Source bisacsh
072 #7 - SUBJECT CATEGORY CODE
Subject category code POL035010
Source bisacsh
080 ## - UNIVERSAL DECIMAL CLASSIFICATION NUMBER
Universal Decimal Classification number 342.7
082 04 - DEWEY DECIMAL CLASSIFICATION NUMBER
Classification number 323
Edition number 22
245 00 - TITLE STATEMENT
Title Special issue
Medium [electronic resource] :
Remainder of title human rights : new possibilities/new problems /
Statement of responsibility, etc. edited by Austin Sarat.
260 ## - PUBLICATION, DISTRIBUTION, ETC.
Place of publication, distribution, etc. Bingley, U.K. :
Name of publisher, distributor, etc. Emerald,
Date of publication, distribution, etc. 2011.
300 ## - PHYSICAL DESCRIPTION
Extent 1 online resource (x, 232 p.) :
Other physical details ill.
490 1# - SERIES STATEMENT
Series statement Studies in law, politics and society,
International Standard Serial Number 1059-4337 ;
Volume/sequential designation v. 56
505 0# - FORMATTED CONTENTS NOTE
Formatted contents note Self-ownership and self-alienation : three case studies / Ethan MacAdam -- Constitutive paradoxes of human rights : an interpretation in history and political theory / John R. Wallach -- Finding a place for marginal migrants in the international human rights system / Leila Kawar -- Why the underutilization of child rights in global mobilization? : the cases of female genital cutting practices and user fees for education / Elizabeth Heger Boyle, Hollie Nyseth -- The bottom up journey of 'defamation of religion' from Muslim states to the United Nations : a case study of the migration of anti-constitutional ideas / Robert C. Blitt -- The state action doctrine in international law / Laura A. Dickinson.
520 ## - SUMMARY, ETC.
Summary, etc. Volume 56 of Studies in Law, Politics, and Society presents the latest scholarship on human rights. The work contained in this volume examines both the theoretical dimensions and dilemmas of human rights in the modern world and particular cases in which the problems and possibilities of human rights are examined. Taken together the contributions point to a need for more searching examination of the way human rights work and highlight the contribution of human rights to the advancement of claims for justice. Studies in Law, Politics, and Society is a leading socio-legal publication that truly embraces innovative, theoretically informed, interdisciplinary legal scholarship.
538 ## - SYSTEM DETAILS NOTE
System details note Mode of access: World Wide Web.
588 0# - SOURCE OF DESCRIPTION NOTE
Source of description note Print version record
650 #7 - SUBJECT ADDED ENTRY--TOPICAL TERM
Topical term or geographic name entry element Law
General subdivision General.
Source of heading or term bisacsh
650 #7 - SUBJECT ADDED ENTRY--TOPICAL TERM
Topical term or geographic name entry element Political Science
General subdivision Political Freedom & Security / Human Rights.
Source of heading or term bisacsh
650 #7 - SUBJECT ADDED ENTRY--TOPICAL TERM
Topical term or geographic name entry element Law & society.
Source of heading or term bicssc
650 #7 - SUBJECT ADDED ENTRY--TOPICAL TERM
Topical term or geographic name entry element Legal system: general.
Source of heading or term bicssc
650 #0 - SUBJECT ADDED ENTRY--TOPICAL TERM
Topical term or geographic name entry element Human rights.
700 1# - ADDED ENTRY--PERSONAL NAME
Personal name Sarat, Austin.
776 1# - ADDITIONAL PHYSICAL FORM ENTRY
International Standard Book Number 9781780522524
830 #0 - SERIES ADDED ENTRY--UNIFORM TITLE
Uniform title Studies in law, politics, and society ;
Volume/sequential designation v. 56.
856 40 - ELECTRONIC LOCATION AND ACCESS
Uniform Resource Identifier <a href="https://www.emerald.com/insight/publication/doi/10.1108/S1059-4337(2011)56">https://www.emerald.com/insight/publication/doi/10.1108/S1059-4337(2011)56</a>
913 ## -
-- Aug2011
Holdings
Withdrawn status Lost status Source of classification or shelving scheme Damaged status Not for loan Home library Current library Shelving location Date acquired Total Checkouts Full call number Date last seen Uniform Resource Identifier Price effective from Koha item type
          Digital Library Digital Library Online Access 03.03.2021   JC571 .S64 2011 03.03.2021 https://www.emerald.com/insight/publication/doi/10.1108/S1059-4337(2011)56 03.03.2021 eBook

OPENING HOURS

Weekdays: 0815hrs - 1800hrs
Weekends:0900hrs - 1200hrs

Closed for Mass:

Mon, Thur: 1200hrs - 1300hrs
Sunday & Public Holiday’s

CALL SUPPORT

0242-570570, 0242-570169
09200664, +263 8644140602

LOCATION

18443, Cranborne Avenue, Hatfield, Harare

Other Links


©2021 | CUZ Library